| 000 | 00580nam a2200229Ia 4500 | ||
|---|---|---|---|
| 003 | OSt | ||
| 005 | 20221005124602.0 | ||
| 006 | a|||||r|||| 00| 0 | ||
| 007 | ta | ||
| 008 | 221004b |||||||| |||| 00| 0 mal d | ||
| 024 | _a52979 | ||
| 037 | _cTextual | ||
| 040 |
_aCRL _cCRL _bmal |
||
| 041 |
_2mal _amal |
||
| 082 | _aDelta2wC, 32J9 | ||
| 100 |
_aSastri Ramaswamy Au. _9635470 |
||
| 245 | 0 | _aNammute maharshimar | |
| 260 | _c1959 | ||
| 650 | _aMYSTICISM | ||
| 942 |
_hDelta2wC, 32J9 _cTEXL _2cc |
||
| 999 |
_c1050925 _d1050925 |
||